Les clubs de National 1 au XXIe siècle - Statistiques

Statistiques générales
  • Ce quiz a été pris 140 fois
    24 depuis la dernière actualisation
  • Le résultat moyen est 65 sur 109
Statistiques - réponses
Club Total de points Nombre de saisons % Correct
AS Nancy Lorraine 156 3
100%
Clermont Foot 63 227 3
100%
FC Metz 70 1
100%
FC Sochaux-Montbéliard 144 3
100%
Stade Brestois 29 225 4
100%
CA Bastia 172 4
96%
FC Rouen 514 9
96%
Le Mans FC 310 6
96%
Nîmes Olympique 486 9
96%
Paris FC 521 10
96%
Pau FC 527 12
96%
Red Star FC 556 11
96%
SC Bastia 157 2
96%
Toulouse FC 74 1
96%
US Orléans 575 11
96%
US Roye 34 1
96%
Valenciennes FC 302 6
96%
Amiens SC 408 7
92%
Angers SCO 233 4
92%
Dijon FCO 375 7
92%
RC Strasbourg Alsace 235 4
92%
Stade de Reims 283 4
92%
Stade Lavallois 435 8
92%
Tours FC 264 5
92%
FC Annecy 106 2
88%
Grenoble Foot 38 127 2
88%
LB Châteauroux 315 7
88%
USL Dunkerque 395 8
88%
CS Sedan Ardennes 174 4
83%
EA Guingamp 80 1
83%
Gazélec FC Ajaccio 343 7
83%
La Roche VF 131 3
83%
Quevilly RM 328 8
83%
SC Toulon 109 3
83%
FC Bourg-Péronnas 496 11
79%
FC Versailles 78 187 4
79%
Rodez AF 300 6
79%
Thonon Evian GGFC 226 4
79%
AS Cannes 563 10
75%
Racing Besançon 240 5
75%
SR Colmar 281 6
75%
AC Arles 117 2
71%
Istres FC 216 4
71%
Le Puy-en-Velay FC 105 3
71%
Stade Briochin 160 4
71%
US Concarneau 405 9
71%
Calais RUFC 106 3
67%
Chamois Niortais 285 5
67%
FC Fleury 54 1
67%
FC Martigues 301 6
67%
Olympique de Valence 192 3
67%
Paris 13 Atletico 98 3
67%
SC Sète 464 9
67%
US Boulogne CO 663 14
67%
US Créteil-Lusitanos 504 11
67%
Vannes OC 302 6
67%
AS Béziers 169 4
63%
ASM Belfort FC 72 2
63%
SC Aubagne Air-Bel 82 2
63%
Angoulême Charente FC 158 3
58%
FC Villefranche Beaujolais 371 8
58%
Gap Foot 05 43 1
58%
SAS Épinal 216 6
58%
US Avranches 434 10
58%
AS Beauvais Oise 342 7
54%
Aviron Bayonnais FC 262 6
54%
FC Gueugnon 105 3
54%
AS Cherbourg FC 413 9
50%
Vendée Herbiers Football 117 3
50%
SO Cholet 274 7
46%
ES Troyes AC 71 1
42%
FC Chambly Oise 266 6
42%
Libourne FA 211 4
42%
Louhans-Cuiseaux FC 407 9
42%
Luçon FC 143 3
42%
Luzenac AP 258 5
42%
Lyon - La Duchère 211 5
42%
Wasquehal Football 84 2
42%
GOAL FC 38 1
38%
Olympique d'Alès 151 3
38%
USJA Carquefou 104 2
38%
Athlético Marseille 185 4
33%
Hyères FC 35 1
33%
ÉFC Fréjus-Saint-Raphaël 352 7
29%
SM Caen 40 1
29%
Vendée Poiré Football 188 4
29%
AS Moulins Football 79 2
25%
Moulins Yzeure Foot 03 29 1
25%
SO Romorantin 292 6
25%
US Colomiers 70 2
25%
Entente SSG 358 8
21%
JA Drancy 26 1
21%
Marignane GCB FC 71 2
21%
SO Châtellerault 77 2
21%
US Raon 176 4
21%
FC Borgo 116 4
17%
Pacy Ménilles RC 191 4
17%
Stade Plabennécois 87 2
17%
Thouars Foot 79 28 1
17%
US Lusitanos Saint-Maur 37 1
17%
Maccabi Paris Métropole 28 1
13%
Olympique Noisy-le-Sec 76 2
13%
Stade Beaucairois FC 17 1
13%
Trélissac APFC 43 1
13%
ES Pays d'Uzès 66 2
8%
Villemomble Sports 41 1
8%
Racing CF 157 3
4%
SO Cassis Carnoux 82 2
4%
ES Viry-Châtillon 39 1
0%
Aucun quiz correspondant
Distribution des résultats
% des personnes avec chaque résultat
Percentile par nombre de réponses
Votre historique - résultats
Vous n’avez pas pris ce quiz depuis la dernière actualisation